|
|
|
|
| LEADER |
01112nam a2200265 a 4500 |
| 001 |
GR-MES10314 |
| 008 |
060628s gr b 001 0 gre d |
| 020 |
|
|
|a 0471899429
|
| 040 |
|
|
|a GrPaTEI
|b gre
|c GR-PaULI
|
| 040 |
|
|
|a GrPaTEI
|b gre
|c GR-PaULI
|
| 082 |
|
0 |
|a 620.004 202 85
|2 21
|
| 100 |
1 |
|
|a Paoluzzi, Alberto
|
| 245 |
1 |
0 |
|a Geometric programming for computer-aided design /
|c Alberto Paoluzzi ; Valerio Pascucci ...[at al.].
|
| 260 |
|
|
|a Hoboken,NJ :
|b J.Wiley,
|c 2003
|
| 300 |
|
|
|a xx
|a 776σ. :
|b εικ. ;
|c 25εκ.
|
| 504 |
|
|
|a Περιλαμβάνει βιβλιογραφίες και ευρετήριο.
|
| 650 |
|
0 |
|a Computer aided design
|
| 650 |
|
0 |
|a Geometric programming
|
| 650 |
|
4 |
|a Προγραμματισμός
|
| 650 |
|
4 |
|a Σχεδιασμός συστημάτων
|
| 700 |
1 |
|
|a Pascucci, Alberto
|
| 942 |
|
|
|2 ddc
|
| 952 |
|
|
|0 0
|1 0
|2 ddc
|4 0
|6 620_004000000000000_202_85_PAO
|7 0
|9 269837
|a MSLG
|b MSLG
|c BSC
|d 2021-01-17
|e 24
|f 0
|g 0.00
|l 0
|o 620.004 202 85 PAO
|p 2420000020136
|r 2021-01-17 00:00:00
|t 1
|w 2021-01-17
|y BK15
|x 20060628 0 1
|x GrPaTEI
|
| 971 |
|
|
|a .b25763611
|b 01-10-20
|c 13-09-16
|
| 999 |
|
|
|c 155766
|d 155766
|